000 01773cam a22004934i 4500
003 PE-LiUPU
005 20250731173524.0
008 150616s r 000 0 d
020 _a0830818723
035 _a(Sirsi) i9780830818723
040 _aPE-LiUPU
_bspa
_cPE-LiUPU
_erda
049 _aPRUA
082 0 4 _a261.8362
_bD99
_221
100 1 _aDyke, Fred Van,
_eautor.
245 1 0 _aRedeeming Creation.
264 1 _aIllinois :
_bInterVarsity Press,
_c1996.
300 _a213 páginas ;
_c21 centímetros
336 _atext
_2rdacontent
337 _aunmediated
_2rdamedia
338 _avolume
_2rdacarrier
500 _aEcología Social
_bVéase
_cECOLOGIA HUMANA.
505 0 _aA creation in crisis.- God the creator.- The value of creation.- Out of the dust.- Covenant & redemption.- Ruling & subduing.- God's world today.- The consequence of disobedience.- A christian response.- Ecology & the christian mind.
526 _aSEG42
526 _aSEG41
526 _aSEG40
526 _aSEG39
526 _aP94
526 _aP87
526 _aP86
526 _aP85
526 _aP77
526 _aP76
526 _aP35
650 0 4 _aPROTECCION DEL MEDIO AMBIENTE - ASPECTOS RELIGIOSOS.
700 1 _aMahan, David C.
700 1 _aSheldon, Joseph K.
910 _ajck
_bjvq
_cjck
942 _2ddc
_cBOOK
949 _a261.8362 D99
_wDEWEY
_c1
_i42166
_lCCODEBUL1
_mBUL
_r0
_sY
_tBOOK
_u2015-6-16
_xTEOLOGIA
_zUNKNOWN
_0COMPRA
_o.STAFF. Colección General
994 _aC0
_bPEPRU
596 _a1
999 _a261.8362 D99
_wDEWEY
_c59856
_i42166
_f2021-11-10
_g5
_lCCODEBUL1
_mBUL
_r0
_sY
_tBOOK
_u2015-6-16
_xTEOLOGIA
_zUNKNOWN
_0COMPRA
_o.STAFF. Colección General
_d59856
980 _81
_gALBERTO SANCHEZ Responsable de Automatización